000 00710nam a2200217 i 4500
001 11802
003 ES-MaACL
005 20250930063033.0
007 t|
008 961212s1995 sp |||| | spa d
020 _a84-86998-48-4
080 _a860-31"19"
100 1 _aOrtiz Armengol, Pedro,
_d1922-2009
_987578
245 1 0 _aDécadas isabelinas
_b: historias viejas de Manila /
_cPedro Ortiz-Armengol.
260 _aMadrid :
_bOtero,
_c1995.
300 _a321 p. ;
_c21 cm.
651 4 _aFilipinas-
_xUsos y costumbres.
_9137156
651 4 _aFilipinas-
_xHistoria-
_y1812-1898-
_vNovelas.
_9158276
852 _aES-MaACL
_jL-19197
_z. - Dedicatoria autógrafa del autor
999 _c11802
_d11802